000 01266nam a22003617a 4500
003 CHAP
005 20220817042508.0
008 971013s1976 r 10010 d
010 _a46291
011 _a47263
035 _a51405
040 _cCHAP
090 _aFolleto 3211e (1975)
111 0 0 _aReunión Nacional de Divulgadores del INIA (
_n1
_d: 1975
_c: Cocoyoc, Mor.)
_996472
245 _aEvaluación
260 _a(Chapingo, Méx.) :
_bINIA. Departamento de Divulgación Técnica,
_c1976
300 _a24 h.
490 _aINIA. México. Publicación especial
_v; 70
590 _aBATCH-UPD
_b10
_c20130110
_lUCH01
_h0157
590 _aBATCH-UPD
_b10
_c20130110
_lUCH01
_h1834
590 _aBATCH-UPD
_b10
_c20130409
_lUCH01
_h2200
590 _aBATCH-UPD
_b10
_c20130410
_lUCH01
_h1206
590 _aBATCH-UPD
_b10
_c20130914
_lUCH01
_h1338
590 _aCONVERSION
_b10
_c20130109
_lUCH01
_h1325
650 1 4 _aExtensión agrícola
_xCongresos.
_939155
650 1 4 _aExtensión agrícola
_xMéxico.
_939173
700 0 _aOliveira, Alierso Caetano de.
_983076
700 0 _aRojas C., Rodrigo.
_999283
830 0 _aINIA. México. Publicación especial
_v; 70
901 _aBK
942 _cFOLL
949 _aFolleto 3211e (1975)
_bBC
_cFOLL
_d-115020
_eTS1
_i51405
_si
999 _c46291
_d46291